| 000 | 00942nam a22003017a 4500 | ||
|---|---|---|---|
| 005 | 20210614100645.0 | ||
| 008 | 210614b xxu||||| |||| 00| 0 spa d | ||
| 020 | _a9788491985464 | ||
| 041 | _aspa | ||
| 082 | _a1.2.1 V718c | ||
| 100 |
_aVillanueva López, Raúl _960252 |
||
| 245 | _aComunicación y atención al cliente en hostelería y turismo: HOTG0208 - Venta de productos y servicios turísticos | ||
| 260 | _aEspaña | ||
| 260 | _bIC Editorial | ||
| 260 | _c2019 | ||
| 300 | _a232 páginas | ||
| 650 |
_aHOSTELERÍA _98479 |
||
| 650 |
_aTURISMO _9894 |
||
| 650 |
_aSERVICIO AL CLIENTE _91558 |
||
| 650 |
_aATENCIÓN AL CLIENTE _92068 |
||
| 650 |
_aTÉCNICAS DE COMUNICACIÓN _99411 |
||
| 650 |
_aCLASIFICACIÓN DE CLIENTES _955878 |
||
| 650 |
_aSERVICIOS TURÍSTICOS _91080 |
||
| 650 |
_aPROMOCIÓN DE SERVICIOS _950670 |
||
| 650 |
_aVENTA DE SERVICIOS _938187 |
||
| 650 |
_aPRODUCTOS TURÍSTICOS _91639 |
||
| 942 | _cBK | ||
| 999 |
_c13015 _d13015 |
||